Woodworking machinery, (Record no. 548691)

000 -LEADER
fixed length control field 00433cam a2200145u 4500
082 ## - DEWEY DECIMAL CLASSIFICATION NUMBER
Classification number 674.2
Author Mark HUD
-- L-24, P-8
100 1# - MAIN ENTRY--PERSONAL NAME
Personal name Hudson, H. R. [from old catalog]
9 (RLIN) 45092
245 00 - TITLE STATEMENT
Title Woodworking machinery,
260 ## - PUBLICATION, DISTRIBUTION, ETC.
Place of publication, distribution, etc. London,
Name of publisher, distributor, etc. G. Newnes limited
Date of publication, distribution, etc. [1946]
300 ## - PHYSICAL DESCRIPTION
Extent 147 p.
Other physical details illus., diagrs.
Dimensions 23 cm.
526 ## - STUDY PROGRAM INFORMATION NOTE
Program name 0
Interest level 0
Reading level 0
Title point value 674_200000000000000_HUD
650 #0 - SUBJECT ADDED ENTRY--TOPICAL TERM
Topical term or geographic name entry element MCE
9 (RLIN) 379
650 #0 - SUBJECT ADDED ENTRY--TOPICAL TERM
Topical term or geographic name entry element Woodworking machinery.
9 (RLIN) 45093
942 ## - ADDED ENTRY ELEMENTS (KOHA)
Source of classification or shelving scheme
Koha item type Book
Holdings
Withdrawn status Lost status Source of classification or shelving scheme Damaged status Not for loan Permanent Location Current Location Date acquired Total Checkouts Full call number Barcode Date last seen Price effective from Koha item type
          Military College of Engineering (MCE) Military College of Engineering (MCE) 09/04/2014   674.2 HUD MCE-41025 09/04/2014 09/04/2014 Book
© 2023 Central Library, National University of Sciences and Technology. All Rights Reserved.